| 000 | 00525nam a2200193Ia 4500 | ||
|---|---|---|---|
| 003 | OSt | ||
| 005 | 20250218150454.0 | ||
| 008 | 210210b1984 xxu||||| |||| 00| 0 eng d | ||
| 040 | _cAL | ||
| 041 | _aKannada | ||
| 082 | _aK894.3 KRAE | ||
| 100 |
_aKRASHNAMURTI PURANIKA. _9138448 _d ಕೃಷ್ಣಮೂರ್ತಿ ಪುರಾಣಿಕ |
||
| 245 |
_aEkadari. _b ಏಕದಾರಿ |
||
| 260 |
_aMaisuru _bPustakalaya _c1984 |
||
| 300 | _a207 | ||
| 690 |
_aKannada Fiction _9138449 |
||
| 906 | _a047510 | ||
| 942 |
_2ddc _cBK |
||
| 999 |
_c96273 _d96273 |
||